<?xml version="1.0" encoding="UTF-8"?>
<collection xmlns="http://www.loc.gov/MARC21/slim">
 <record>
  <leader>01356nam a2200241Ia 4500</leader>
  <controlfield tag="001">CTU_203439</controlfield>
  <controlfield tag="008">210402s9999    xx            000 0 und d</controlfield>
  <datafield tag="082" ind1=" " ind2=" ">
   <subfield code="a">581.48</subfield>
  </datafield>
  <datafield tag="082" ind1=" " ind2=" ">
   <subfield code="b">Ph431</subfield>
  </datafield>
  <datafield tag="088" ind1=" " ind2=" ">
   <subfield code="a">T2012-05</subfield>
  </datafield>
  <datafield tag="100" ind1=" " ind2=" ">
   <subfield code="a">Ngô, Thanh Phong</subfield>
  </datafield>
  <datafield tag="245" ind1=" " ind2="0">
   <subfield code="a">Xây dựng bộ sưu tập hình thái và cấu trúc lá của thực vật thích nghi khô hạn ở Đồng bằng sông Cửu Long :</subfield>
  </datafield>
  <datafield tag="245" ind1=" " ind2="0">
   <subfield code="b">Báo cáo tổng kết đề tài khoa học và công nghệ cấp Trường</subfield>
  </datafield>
  <datafield tag="245" ind1=" " ind2="0">
   <subfield code="c">Ngô Thanh Phong (chủ nhiệm đề tài) ; Phạm Khánh Nguyên Huân, Võ Thị Tú Anh (tham gia thực hiện)</subfield>
  </datafield>
  <datafield tag="260" ind1=" " ind2=" ">
   <subfield code="a">Cần Thơ</subfield>
  </datafield>
  <datafield tag="260" ind1=" " ind2=" ">
   <subfield code="b">Trường Đại học Cần Thơ</subfield>
  </datafield>
  <datafield tag="260" ind1=" " ind2=" ">
   <subfield code="c">2013</subfield>
  </datafield>
  <datafield tag="520" ind1=" " ind2=" ">
   <subfield code="a">Nội dung đề tài phát hiện các kiểu cấu trúc lá liên quan đến sự thích nghi của thực vật vùng khô hạn, đảm bảo cho sự chịu hạn trong điều kiện biến đổi khí hậu. Xây dựng bộ tiêu chí dự đoán về sự thích nghi của lá trong điều kiện khô hạn.</subfield>
  </datafield>
  <datafield tag="650" ind1=" " ind2=" ">
   <subfield code="a">Botany,Thực vật học</subfield>
  </datafield>
  <datafield tag="650" ind1=" " ind2=" ">
   <subfield code="x">Leaf,Lá</subfield>
  </datafield>
  <datafield tag="904" ind1=" " ind2=" ">
   <subfield code="i">Qhieu</subfield>
  </datafield>
  <datafield tag="915" ind1=" " ind2=" ">
   <subfield code="a">TN</subfield>
  </datafield>
  <datafield tag="980" ind1=" " ind2=" ">
   <subfield code="a">Trung tâm Học liệu Trường Đại học Cần Thơ</subfield>
  </datafield>
 </record>
</collection>
